03526nam a22002297a 4500008004400000082001800044111016900062245013100231246004900362250001800411260005500429300003500484505258600519600001603105653003703121653002203158653002203180653002803202653001803230653002003248653002803268170805s2015 mx||||| |||| 00| 0 spa d04a709.22bC397j1 aColoquio Internacional Juan Acha en el centenario de su nacimiento.cCentro Nacional de las Artes, Centro Cultural Universitario Tlatelolco México,dOctubre 2016.10aPráctica de la imaginación crítica :b1916 - 2016 /cColoquio Internacional Juan Acha en el centenario de su nacimiento.01aJuan Acha en el centenario de su nacimiento. a1a edición. aMéxico :bSecretaría de Cultura ; INBA,c2016. a48 páginas :bilustraciones.0 tConferencia magistral: Aportes de Juan Acha a la autodeterminación estética de nuestra América, Homenaje críticorAdolfo Colombres.tMesa 1: Las obras en diálogo.tTareas para la crítica en un futuro prefigurado por Juan AcharCarlos-Blas Galindo.tPintura, vanguardismo y colectividad: un libro inédito de Juan AcharJoaquín Barriendos.tLas obras en diálogo y la crítica de arterBélgica Rodríguez.tMesa 2: Procesos productivos de las artes.tArtesanías mexicanas, producción e ideologíarVictoria Novelo Oppeheim.tLa importancia de los planteamientos teóricos de Juan Acha para la formación profesional de diseñadores en la Escuela de Diseño del Instituto Nacional de Bellas ArtesrMartha Eugenia Alfaro Cuevas.tLa teoría del dibujo en el pensamiento de Juan AcharAureliano Sánchez.tMesa 3: Ecos y teoría.tTres miradas a Juan AcharAlberto Gutiérrez Chong y Jorge Alberto Grunstein.tDe la estetología y sus descentramientosrAlberto Argüello Grunstein.tConferencia magistral: Subdesarrollo y vanguardia: Juan Acha y la crítica de arte en el ocaso del Perú oligárquico (1958-1971) rGustavo Buntinx.tMesa 4: Emergencias: pensar lo nuevo.tPor una nueva problemática artística: hacia una primera lectura mágico-feudal de Juan AcharJulio García Murillo.tLos senderos teóricos de Acha: una lectura desde el presenterCristia Híjar González.tMigración de conceptos: producción, distribución y consumo en la actualidadrJosé Manuel Springer.tJuan Acha: pensar el arte desde América LatinarRita Eder.tArtecentrismo.tLa imagen, el arte y los límites de la ideologíarFernando Zamora Águila.tDel erocentrismo a la globalización y del arte moderno al posmoderno en el México actualrFausto Renato Esquivel Romero.tEntre la inspiración y la razónrSilvia Durán Payán.tJuan Acha y las aspiraciones de redefinir el modelo expositivo: la Bienal Latinoamericana de Sao Paulo (1978) y el Coloquio de Arte No-Objetual (1981)rMiguel López.tMesa 6: Dominios y resistencias.tJuan Acha y la teoría del arte en América Latina: contexto, tapujos y crítica a la críticarMiguel Ángel Esquivel.tEl proyecto estético de Arguedas en los ZorrosrEzequiel Maldonado.tJuan Acha: por una teoría anticolonialrAlberto Híjar Serrano.tCartografía de la sensibilidad artística: apuntes para ubicar la propuesta de Juan AcharDagmary Olívar.tConferencia magistral: Producción y circulación del arte en un tiempo de desglobalizaciónrNéstor García Canclini.14aAcha, Juan.10aArte contemporáneo - Coloquios10aCrítica de arte10aTeoría del arte10aTeóricos artísticos10aArte - Perú10aArte - México10aEducación artística